Európsky futbal 1975

Bibliographic Details
Main Author: Kšiňan, Jozef, 1927- (Author)
Format: Article
Language:Slovak
Subjects:

MARC

LEADER 00000nab a2200000 ar4500
001 vtls009003250
003 SK-MaSNL
005 20260303065539.0
008 070630c1976 xo zr|||||||||000 b|slo
015 |a SNBRB2007/01  |2 snkbucl 
038 |a SNKBUCL 
040 |a SNKBUCL  |b slo  |c SNKBUCL  |e AACR2 
041 0 |a slo 
044 |a xo  |c SK 
080 |a 796.332  |x (4)  |2 2001 
100 1 |a Kšiňan, Jozef,  |d 1927-  |4 aut  |9 196276 
245 1 0 |a Európsky futbal 1975  |c Jozef Kšiňan 
648 7 |a 1975  |2 snkbucl  |9 281939 
650 0 7 |a futbal  |2 snkbucl  |9 3291 
651 7 |a Európa  |2 snkbucl  |9 167569 
773 0 |t Tréner  |g Roč. 20, č. 2 (1976), s. 59-61 
852 |a SNK  |b KIS3GCP 
999 |c 1751640  |d 1753570